000 00548cas a22001815a 4500
001 L138275
008 070525q xxk r p 0 a0eng u
035 _a(Sirsi) u138275
041 0 _aeng
110 2 _aRoyal Institution of Chartered Surveyors
_bSouth Wales Branch
_95258
245 0 0 _aSouth Wales Surveyor
_bNewsletter
260 _aCardiff
_bRICS
_c199[?]-
362 0 _a(8) Spring 1993-(20) Spring 1996
554 _aFour per year
651 4 _aWales
_y1998-2007
690 _aMANAGEMENT-BUSINESS MANAGEMENT-PROFESSIONAL PRACTICE
942 _n0
999 _c118957
_d118957